[Event "Rector Cup 2011"]
[Site "Kharkov UKR"]
[Date "2011.02.14"]
[Round "1"]
[White "Petr,Ma"]
[Black "Aveskulov,V"]
[Result "1-0"]
[WhiteElo "2484"]
[BlackElo "2538"]

1.e4 e6 2.d4 d5 3.Nd2 Nc6 4.Ngf3 Nf6 5.e5 Nd7 6.Bb5 a5 7.a4 Na7 8.Bd3 c5
9.c3 Be7 10.O-O Qb6 11.b3 cxd4 12.cxd4 Nc6 13.Bb2 Nb4 14.Bb5 O-O 15.Nb1 Nb8
16.Nc3 N8c6 17.Qd2 Na7 18.Be2 Bd7 19.Rfc1 h6 20.h4 Rac8 21.g3 f5 22.exf6 Bxf6
23.Nd1 Be8 24.Ne5 Bxe5 25.dxe5 Nac6 26.Bg4 Bf7 27.Ne3 Rcd8 28.f4 Kh8 29.Rd1 Bg6
30.Bd4 Nxd4 31.Qxd4 Qxd4 32.Rxd4 Rfe8 33.Rc1 h5 34.Bh3 Nc6 35.Rdd1 Be4 36.Kf2 Nb4
37.Rc7 Na6 38.Rcc1 b6 39.Nc2 Bxc2 40.Rxc2 Nc5 41.Kf3 Kg8 42.Rb1 d4 43.Rd2 d3
44.Ke3 Rd7 45.b4 Nxa4 46.bxa5 bxa5 47.Rb5 Nc3 48.Rxa5 Kf7 49.Bf1 Red8 50.Rc5 Nd5+
51.Ke4 Ne7 52.Rxd3 Rxd3 53.Bxd3 Nf5 54.Rc7+ Kg6 55.Bc4 Nxg3+ 56.Kf3 Nf5 57.Bxe6 Rd3+
58.Ke2 Re3+ 59.Kf2 Rh3 60.Rc6 Nd4 61.Bxh3+ Nxc6 62.Ke3 Kf7 63.Ke4 Ne7 64.Kf3 Ng6
65.Kg3 Kf8 66.Be6 Ke8 67.Bd5 Ne7 68.Be4 g6 69.Kf3 Kf7 70.Ke3 Ke6 71.Kd4 Kf7
72.Kc4 Ke6 73.Kd4 Kf7 74.Bd5+ Ke8 75.Be6 Nc6+ 76.Kc5 Nd8 77.Bd5 Ke7 78.Kd4 Ke8
79.Ke4 Kf8 80.f5 gxf5+ 81.Kxf5 Kg7 82.Kg5 Kh7 83.Kf6  1-0

[Event "16th Lienz-Open 2011"]
[Site "Lienz AUT"]
[Date "2011.02.14"]
[Round "4"]
[White "Waldmann,G"]
[Black "Testor,S"]
[Result "0-1"]
[WhiteElo "2211"]
[BlackElo "2365"]

1.e4 e6 2.d4 d5 3.Nd2 Be7 4.Ngf3 Nf6 5.e5 Nfd7 6.Bd3 c5 7.c3 Nc6 8.O-O a5
9.Re1 cxd4 10.cxd4 g5 11.Nf1 g4 12.N3d2 h5 13.f4 Nxd4 14.Nb3 Nxb3 15.axb3 Bb4
16.Re2 Nc5 17.Be3 b6 18.Bc2 Ba6 19.Rf2 Qe7 20.Ng3 O-O-O 21.Bd4 Kb7 22.Ne2 Ne4
23.Rf1 Bc5 24.Bd3 Bxd3 25.Qxd3 Rc8 26.Kh1 h4 27.Kg1 h3 28.g3 f5 29.exf6 Qxf6
30.Rxa5 Bxd4+ 31.Nxd4 Nc5 32.Rfa1 Nxd3 33.Ra7+ Kb8 34.Ra8+ Kc7 35.R1a7+ Kd6  0-1

[Event "ch-POL"]
[Site "Warsaw POL"]
[Date "2011.02.14"]
[Round "3"]
[White "Mista,A"]
[Black "Socko,B"]
[Result "0-1"]
[WhiteElo "2565"]
[BlackElo "2660"]

1.e4 e6 2.d4 d5 3.Nd2 a6 4.Ngf3 Nf6 5.e5 Nfd7 6.Bd3 c5 7.c3 Nc6 8.Qe2 Be7
9.O-O g5 10.dxc5 Nxc5 11.Re1 Nd7 12.h3 h5 13.g4 hxg4 14.hxg4 b5 15.Nb3 Bb7
16.Nbd4 Nc5 17.Be3 Qc7 18.Nxc6 Qxc6 19.Bd4 Kd7 20.Kg2 Rh6 21.Rh1 Rah8 22.Nd2 Qc7
23.Rxh6 Rxh6 24.Rh1 Rxh1 25.Kxh1 Qc8 26.Bc2 Na4 27.Bxa4 bxa4 28.Kg2 Qh8 29.Nf3 Qh7
30.Kg3 Qb1 31.a3 Ke8 32.Qd2 Bc6 33.Qe2 Bb5 34.Qe1 Qc2 35.Qd2 Qb1 36.Qe1 Qg6
37.Qe3 Qb1 38.Bc5 Bd8 39.Bb6 Be7 40.Bc5 Bd8 41.Bb6 Be7 42.Ba5 f5 43.gxf5 exf5
44.Qb6 Qe4 45.e6 Qf4+ 46.Kg2 Qg4+ 47.Kh2 Kf8 48.Qb8+ Kg7 49.c4 Qxf3 50.Bc3+ Kg6
51.cxb5 Qxf2+ 52.Kh1 Qf3+ 53.Kh2 Kh5 54.Qh8+ Kg4 55.Qd4+ f4 56.bxa6 Qe2+
57.Kh1 Kh3  0-1

[Event "IV Open A"]
[Site "Gora Swietej Anny POL"]
[Date "2011.02.15"]
[Round "5.16"]
[White "Kolasa,Zbigniew"]
[Black "Klimek,M"]
[Result "0-1"]
[WhiteElo "1579"]
[BlackElo "1825"]

1.e4 e6 2.d4 d5 3.Nd2 a6 4.Ngf3 c5 5.exd5 exd5 6.Qe2+ Be7 7.dxc5 Nf6 8.Nb3 O-O
9.Bg5 Nc6 10.g3 Re8 11.O-O-O Bg4 12.Qd3 Nb4 13.Qe3 Bf8 14.Qf4 Re4 15.Bxf6 gxf6
16.Qxe4 dxe4 17.Rxd8 Rxd8 18.Nfd4 Bxc5 19.c3 Bb6 20.h3 Bh5 21.g4 Bg6 22.Be2 Nxa2+
23.Kb1 Nb4 24.Ka1 Nd3 25.Bxd3 exd3 26.Rd1 a5 27.f4 Be4 28.Re1 Bg2 29.h4 a4
30.Nd2 Bxd4 31.cxd4 Rxd4 32.Rg1 Bd5 33.Rf1 Bb3 34.h5 h6 35.Kb1 Be6 36.f5 Bd7
37.Rd1 Rxg4  0-1

[Event "G-TEAM Open"]
[Site "Novy Bor CZE"]
[Date "2011.02.15"]
[Round "4"]
[White "Perdek,M"]
[Black "Baciu,D"]
[Result "1/2-1/2"]
[WhiteElo "2245"]
[BlackElo "2131"]

1.e4 e6 2.d4 d5 3.Nd2 Be7 4.Bd3 c5 5.dxc5 Nf6 6.Qe2 O-O 7.Ngf3 a5 8.O-O Na6
9.e5 Nd7 10.Nd4 Ndxc5 11.N2f3 Nb4 12.Bf4 Bd7 13.a3 Nbxd3 14.cxd3 Qb6 15.Rac1 Rfc8
16.Be3 Qa6 17.Rc3 b5 18.Ra1 Qb7 19.h3 b4 20.axb4 axb4 21.Rcc1 Rxa1 22.Rxa1 Ra8
23.Rxa8+ Qxa8 24.Qc2 Qa4 25.Ne1 Qa1 26.Kf1 Bf8 27.Nf3 Ba4 28.Qc1 Qxc1 29.Bxc1 Bd1
30.Nd4 f6 31.f4 Kf7 32.Bd2 b3 33.Nb5 Na4 34.Bc1 Bb4 35.d4 Nb6 36.Nd3 Ba5
37.Nd6+ Ke7 38.Nb7 Bc2 39.Nbc5 Bxd3+  1/2-1/2

[Event "ch-POL"]
[Site "Warsaw POL"]
[Date "2011.02.15"]
[Round "4"]
[White "Jaracz,P"]
[Black "Bartel,Mat"]
[Result "1/2-1/2"]
[WhiteElo "2543"]
[BlackElo "2617"]

1.e4 e6 2.d4 d5 3.Nd2 a6 4.Bd3 c5 5.dxc5 Bxc5 6.Ngf3 Nc6 7.O-O Nge7 8.exd5 Nxd5
9.Ne4 Be7 10.c4 Nf6 11.Qe2 Qc7 12.a3 Ng4 13.g3 f5 14.Nc3 O-O 15.Bf4 Qd8 16.Rad1 Qe8
17.h3 e5 18.Bxe5 Ngxe5 19.Nxe5 Bf6 20.Nxc6 bxc6 21.Qxe8 Rxe8 22.Rfe1 Rxe1+
23.Rxe1 Kf7 24.Na4 a5 25.Nb6 Rb8 26.Nxc8 Rxc8 27.Bxf5 Rb8 28.b4 axb4 29.axb4 Rxb4
30.Bd7 c5 31.Be6+ Kf8 32.Re3 Rb2 33.h4 Bd4 34.Rf3+ Ke7 35.Bd5 h6 36.Kg2 Kd6
37.Rf5 Bf6 38.Kh3 Re2 39.Rf3 Bd4 40.Kg2 Rc2 41.Rf4 Be5 42.Rf5 Rd2 43.Bg8 Bf6
44.Rd5+ Rxd5 45.Bxd5 g5 46.hxg5 hxg5 47.Kf3 Bd4 48.Ke2  1/2-1/2

[Event "ch-St Petersburg S/F 2011"]
[Site "St Petersburg RUS"]
[Date "2011.02.16"]
[Round "6.12"]
[White "Khakimov,T"]
[Black "Serov,M"]
[Result "1/2-1/2"]
[WhiteElo "2289"]
[BlackElo "2377"]

1.e4 e6 2.d4 d5 3.Nd2 a6 4.Ngf3 c5 5.exd5 exd5 6.Be2 c4 7.O-O Bd6 8.Re1 Ne7
9.Nf1 O-O 10.b3 cxb3 11.axb3 Nbc6 12.Ne3 Be6 13.c4 Nf5 14.Bd3 Nxe3 15.Bxe3 Nb4
16.Ng5 Nxd3 17.Qxd3 g6 18.Nxe6 fxe6 19.Re2 Qh4 20.g3 Qh3 21.Bg5 Rf5 22.Rxe6 Rxf2
23.Rxg6+ Kf7 24.Kxf2 Qxh2+ 25.Kf1 Qh1+ 26.Kf2 Qh2+ 27.Kf1  1/2-1/2

[Event "ch-ROU Women"]
[Site "Sarata Monteoru ROU"]
[Date "2011.02.18"]
[Round "7.10"]
[White "Baciu,A"]
[Black "Anton,R"]
[Result "1-0"]
[WhiteElo "2123"]
[BlackElo "1854"]

1.e4 e6 2.d4 d5 3.Nd2 Nc6 4.c3 e5 5.Bb5 dxe4 6.Bxc6+ bxc6 7.Nxe4 Qd5 8.Qe2 Bd6
9.Nxd6+ cxd6 10.dxe5 dxe5 11.Nf3 f6 12.h3 Ne7 13.O-O Be6 14.b3 Qa5 15.c4 O-O
16.Bd2 Qa6 17.Bb4 Qb7 18.Bc5 a5 19.Rfd1 Rfd8 20.Nd2 Ng6 21.Ne4 Nf4 22.Qf3 a4
23.Nd6 Qc7 24.b4 Bf7 25.Qe3 Qd7 26.Rd2 Qe6 27.Rad1 Bh5 28.Re1 g5 29.Qe4 Qd7
30.Kh2 Ng6 31.Be3 Ne7 32.Nf7 Bxf7 33.Rxd7 Rxd7 34.Bc5 Rc8 35.Bxe7 Rxe7 36.Qf5 Re6
37.h4 h6 38.Rd1 Rce8 39.c5 Kg7 40.Rd7 e4 41.hxg5 hxg5 42.Rd6 Rh8+ 43.Kg1 Rhe8
44.Rxe6 Rxe6 45.Qh3 Re7 46.a3 Bc4 47.Qc3 Bb5 48.Qd4 Kf7 49.g4 Re5 50.Kg2 Kg7
51.Qd7+ Kg6 52.Qd8 e3 53.Qg8+ Kh6 54.Qf7 Rd5 55.Qxf6+ Kh7 56.fxe3 Rd3 57.Qf7+ Kh6
58.Qh5+ Kg7 59.Qxg5+ Kf7 60.Qf5+ Kg7 61.Qe5+ Kg6 62.Kf3 Rxa3 63.g5 Rd3 64.Qf6+ Kh7
65.Qf7+ Kh8 66.g6  1-0

[Event "ch-ROU Men"]
[Site "Sarata Monteoru ROU"]
[Date "2011.02.18"]
[Round "9.37"]
[White "Martian,D"]
[Black "Tiron,C"]
[Result "1-0"]
[WhiteElo "1990"]
[BlackElo "1736"]

1.e4 e6 2.d4 d5 3.Nd2 Nc6 4.Ngf3 Nf6 5.e5 Nd7 6.c3 f6 7.exf6 Qxf6 8.Bb5 Bd6
9.O-O O-O 10.Nb3 a6 11.Bg5 Qg6 12.Bxc6 bxc6 13.Bh4 a5 14.Re1 a4 15.Nc1 a3
16.b3 c5 17.Bg3 Bxg3 18.hxg3 cxd4 19.cxd4 c5 20.Nd3 cxd4 21.Nf4 Rxf4 22.gxf4 d3
23.Re3 Nc5 24.Rc1 d4 25.Ne5 Qf5 26.Re1 Ne4 27.Qxd3 Bb7 28.Rc7 Qxf4 29.Qf3 Qxe5
30.Qf7+ Kh8 31.Rxb7 Rc8 32.Qd7 Rg8 33.f3 Qc5 34.Rc7 Qa5 35.Rxe4 d3 36.Rc8  1-0

[Event "ch-St Petersburg S/F 2011"]
[Site "St Petersburg RUS"]
[Date "2011.02.18"]
[Round "8.8"]
[White "Frolochkin,V"]
[Black "Sichinava,Z"]
[Result "0-1"]
[WhiteElo "2328"]
[BlackElo "2340"]

1.e4 e6 2.d4 d5 3.Nd2 Be7 4.Ngf3 Nf6 5.Bd3 c5 6.exd5 exd5 7.O-O O-O 8.Re1 h6
9.h3 c4 10.Bf1 Nc6 11.c3 Bf5 12.Ne5 Nxe5 13.dxe5 Nd7 14.Nf3 Be4 15.Nd4 Nc5
16.b4 Ne6 17.Be3 a5 18.a3 Qc7 19.Qg4 Nxd4 20.Bxd4 Ra6 21.e6 g6 22.exf7+ Rxf7
23.Rxe4 dxe4 24.b5 Rd6 25.Be5 Kh7 26.Bxd6 Bxd6 27.Qxe4 Bc5 28.Ra2 Qb6 29.Bxc4 Rf8
30.Kh1 h5 31.a4 Kh6 32.Rd2 Bxf2 33.Qe5 Bh4 34.Qe4 Bg3 35.Qd4 Qc7 36.Bd3 Qe7
37.Rd1 Rd8 38.Qg1 Qf6 39.Qe3+ Bf4 40.Qf3 Qg5 41.Bc2 Rf8 42.Qd3 Bc7 43.Rf1 Qg3
44.Qd2+ g5  0-1

[Event "G-TEAM Open"]
[Site "Novy Bor CZE"]
[Date "2011.02.19"]
[Round "9"]
[White "Machan,J"]
[Black "Baciu,D"]
[Result "0-1"]
[WhiteElo "1904"]
[BlackElo "2131"]

1.e4 e6 2.d4 d5 3.Nd2 Be7 4.Bd3 c5 5.dxc5 Nf6 6.Qe2 O-O 7.Ngf3 a5 8.e5 Nfd7
9.Nb3 Nc6 10.c3 Qc7 11.Bf4 a4 12.Nbd4 Nxc5 13.Bc2 b6 14.Qe3 a3 15.b3 Ba6
16.Nxc6 Qxc6 17.Nd4 Qc7 18.Qh3 g6 19.Qe3 Rfc8 20.Rc1 Nd7 21.Bb1 Bf8 22.h4 Bg7
23.Nf3 Qc5 24.Qd2 f6 25.Be3 Qc7 26.h5 f5 27.hxg6 hxg6 28.Bf4 Nxe5 29.Nd4 Qd7
30.Bxe5 Bxe5 31.g4 Bg7 32.f4 Kf7 33.Rg1 Qe7 34.Kd1 Qc5 35.gxf5 exf5 36.Bxf5 Bxd4
37.Bxg6+ Kf6 38.Qxd4+ Qxd4+ 39.cxd4 Rxc1+ 40.Kxc1 Rg8 41.f5 Bd3 42.Re1 Be4
43.Kd2 Rc8 44.Re2 Rc2+ 45.Ke1 Rb2 46.Rd2 Bb1 47.Kd1 Bxa2 48.Kc1 Rxd2 49.Kxd2 Bxb3
50.Kc3 Bc4 51.Bh7 b5 52.Kc2 b4 53.Bg6 b3+ 54.Kc1 b2+ 55.Kc2 Ba2  0-1

[Event "TCh-HUN 2010-11"]
[Site "Mako HUN"]
[Date "2011.02.20"]
[Round "6"]
[White "Nagy,Ga1"]
[Black "Farkas,Ti"]
[Result "1-0"]
[WhiteElo "2372"]
[BlackElo "2259"]

1.e4 e6 2.d4 d5 3.Nd2 Be7 4.c3 dxe4 5.Nxe4 Nf6 6.Nxf6+ Bxf6 7.Nf3 Nd7 8.Be3 b6
9.Bd3 Bb7 10.Qc2 h6 11.O-O-O Qc8 12.Rhe1 Be7 13.Ne5 Nxe5 14.dxe5 c6 15.Qa4 h5
16.g4 h4 17.f4 b5 18.Qb3 Qc7 19.f5 O-O-O 20.fxe6 fxe6 21.Bxa7 Rd5 22.Be4 Rxd1+
23.Qxd1 Qa5 24.Qb3 Qxa7 25.Qxe6+ Kb8 26.Qxe7 Qxa2 27.Qd6+ Ka8 28.e6 Rh6 29.Bb1 Qc4
30.Qf8+ Ka7 31.e7 Rf6 32.Qxf6  1-0

[Event "ch-FRA Blitz 2011"]
[Site "Nice FRA"]
[Date "2011.02.20"]
[Round "12"]
[White "Libiszewski,F"]
[Black "Feller,S"]
[Result "0-1"]
[WhiteElo "2496"]
[BlackElo "2657"]

1.e4 e6 2.d4 d5 3.Nd2 Nc6 4.Ngf3 Nf6 5.e5 Nd7 6.Bd3 f6 7.exf6 Qxf6 8.Nf1 e5
9.Ne3 exd4 10.Nxd5 Qe6+ 11.Qe2 Qxe2+ 12.Bxe2 Bd6 13.Bf4 Bxf4 14.Nxf4 Nb6
15.O-O-O O-O 16.g3 Rd8 17.Rd2 Bg4 18.Nxd4 Bxe2 19.Ndxe2 Rxd2 20.Kxd2 Rd8+
21.Kc1 Nd5 22.Nd3 Ne5 23.h4 Ng4 24.Rd1 Re8 25.Ng1 c6 26.Nh3 Re2 27.Rd2 Re8
28.c3 h6 29.Ndf4 Ndf6 30.Kc2 Kf7 31.a4 a5 32.Nd3 Ne4 33.Re2 Nd6 34.b4 axb4
35.cxb4  0-1

[Event "61st ch-RUS w 1st League"]
[Site "Ivanovo RUS"]
[Date "2011.02.23"]
[Round "3"]
[White "Bezgodova,M"]
[Black "Dogodkina,J"]
[Result "1/2-1/2"]
[WhiteElo "2190"]
[BlackElo "2070"]

1.e4 e6 2.d4 d5 3.Nd2 Nc6 4.Ngf3 dxe4 5.Nxe4 Nf6 6.Nxf6+ Qxf6 7.Bd3 h6 8.c3 Bd6
9.Be3 Bd7 10.Qc2 Ne7 11.O-O-O b5 12.Kb1 Nd5 13.h4 Qe7 14.Bc1 Rb8 15.Ne5 Bxe5
16.dxe5 c5 17.Be4 Bc6 18.c4 bxc4 19.Ka1 Rb4 20.Qe2 Qb7 21.a3 Qa6 22.Rh3 Ba4
23.Bc2 Bxc2 24.Qxc2 Qa4 25.Qxa4+ Rxa4 26.Be3 Ra5 27.Bd2 Ra4 28.Be3 Ra5 29.Bd2 Ra6
30.Rg3 g6 31.Be3 Ra5 32.Bd2 Ra4 33.Be3 Ra5 34.Bd2 Ra4 35.Be3  1/2-1/2

[Event "3rd Metro Chess FIDE Invitational"]
[Site "Los Angeles USA"]
[Date "2011.02.23"]
[Round "1"]
[White "Amanov,Z"]
[Black "Stopa,Ja"]
[Result "1/2-1/2"]
[WhiteElo "2421"]
[BlackElo "2451"]

1.e4 e6 2.d4 d5 3.Nd2 Be7 4.c3 dxe4 5.Nxe4 Nd7 6.Nf3 Ngf6 7.Nxf6+ Nxf6 8.Bd3 O-O
9.Qe2 b6 10.O-O Bb7 11.Bf4 c5 12.dxc5 bxc5 13.Rfd1 Qb6 14.Ne5 Rad8 15.Rd2 Ba8
16.Rad1 Qb7 17.Nf3 Rd5 18.Ba6 Qb6 19.Rxd5 Nxd5 20.Bg3 Rd8 21.Qb5 Nf6 22.Rxd8+ Bxd8
23.Ne5 Qd6 24.Nd3 Qd5 25.f3 Bb6 26.Bf2 Qxa2 27.Bxc5 Qb1+ 28.Kf2 Qc2+ 29.Kf1 Qd1+  1/2-1/2

[Event "6th Women GP"]
[Site "Doha QAT"]
[Date "2011.02.24"]
[Round "3"]
[White "Sebag,M"]
[Black "Mkrtchian,L"]
[Result "1/2-1/2"]
[WhiteElo "2489"]
[BlackElo "2475"]

1.e4 e6 2.d4 d5 3.Nd2 Nc6 4.Ngf3 Nf6 5.e5 Nd7 6.Nb3 Be7 7.Bb5 Ncb8 8.O-O b6
9.Qe2 a5 10.a4 Ba6 11.Bxa6 Nxa6 12.Bd2 c6 13.c4 dxc4 14.Qxc4 Ndb8 15.Rfe1 Qd5
16.Qc2 Nb4 17.Bxb4 Bxb4 18.Re4 Na6 19.Rg4 g6 20.Nbd2 Be7 21.Ne4 Nb4 22.Qd2 h5
23.Rf4 Qd8 24.Nf6+ Bxf6 25.exf6 Nd5 26.Ne5 Nxf4 27.Qxf4 Qd5 28.Rc1 Rc8 29.h4 Qd6
30.Rc3 Rc7 31.Rg3 Rf8 32.Rb3 c5 33.d5 c4 34.Rf3 Rc5 35.Re3 Qxd5 36.Re4 Qd1+
37.Kh2 Qd6 38.g3 Qc7 39.Qe3 Rh8 40.f4 c3 41.bxc3 Rxc3 42.Qd4 Rc2+ 43.Kh3 Kf8
44.Qd3 Rc3 45.Qa6 Qc8 46.Rd4 Kg8 47.Qxc8+ Rxc8 48.Rd7 Rb8 49.Re7 b5 50.axb5 Rxb5
51.Nxf7 Rf5 52.Ng5 Rxf6 53.Ra7 a4 54.Rxa4 Kg7 55.Ra7+ Kh6 56.Re7 Rf5 57.Rxe6 Rg8
58.Re7 Rh8 59.Kg2 Rff8 60.Rd7 Ra8 61.Nf7+ Kg7 62.Ne5+ Kf6 63.Rd6+ Kf5 64.Rxg6 Ra3
65.Rg5+ Kf6 66.Nd7+ Kf7 67.f5 Ra7 68.Ne5+ Kf6 69.Ng6 Rg8 70.Rxh5 Ra5 71.Rh7 Rb8
72.Nf4 Rxf5 73.Rh6+ Kf7 74.Kf3 Ra5 75.Rc6 Ra3+ 76.Kg4 Rg8+ 77.Kf5 Ra5+ 78.Ke4 Rxg3
79.Rc7+ Kg8 80.Rc8+ Kh7 81.Rc7+ Kg8 82.Rc8+ Kf7 83.Rc7+ Kg8  1/2-1/2

[Event "Schachbundesliga 2010-11"]
[Site "Bremen GER"]
[Date "2011.02.26"]
[Round "10"]
[White "Luch,M"]
[Black "Firman,N"]
[Result "1/2-1/2"]
[WhiteElo "2385"]
[BlackElo "2551"]

1.e4 e6 2.d4 d5 3.Nd2 Nc6 4.Ngf3 Nf6 5.e5 Nd7 6.c3 a5 7.Bb5 Na7 8.Bd3 c5
9.O-O cxd4 10.cxd4 Be7 11.Nb1 b5 12.a4 b4 13.Be3 Nc6 14.Nbd2 Ba6 15.Ne1 Qb6
16.Nb3 O-O 17.Rc1 Rfc8 18.f4 Nd8 19.Rxc8 Rxc8 20.Bxa6 Qxa6 21.Qd3 Qxd3 22.Nxd3 Nb6
23.Nxa5 Ra8 24.Nb3 Nc4 25.Kf2 Rxa4 26.Ra1 Rxa1 27.Nxa1 Nc6 28.b3 Na3 29.Nc1 f5
30.Ke1 h6 31.Kd2 g5 32.g3 gxf4 33.gxf4 Kf7 34.Ke2 Bd8 35.Kf3 Kg6 36.h3 Kh5
37.Kg2 Bb6 38.Ne2 Kg6 39.Kf1 Kf7 40.Ke1 Ke8 41.Kd2 Na5 42.Kc1 Bd8 43.Bf2 Nb5
44.Kb2 Nc6 45.Nc2 Bb6 46.Ka2 Kf7 47.Kb2 Kg6 48.Ka2 Kh5 49.Kb2 Bd8 50.Ng3+ Kg6
51.Ne2 Ba5 52.Be3 Bb6 53.Bf2 Kh5 54.Ka2 Bd8 55.Ng3+ Kg6 56.Ne2  1/2-1/2

[Event "Bunratty Masters"]
[Site "Bunratty IRL"]
[Date "2011.02.27"]
[Round "6"]
[White "Maroroa,S"]
[Black "O'Connor,Jon"]
[Result "1-0"]
[WhiteElo "2019"]
[BlackElo "2148"]

1.e4 e6 2.d4 d5 3.Nd2 Be7 4.Ngf3 Nf6 5.e5 Nfd7 6.Bd3 c5 7.c3 Nc6 8.O-O a5
9.Re1 Qb6 10.a3 cxd4 11.cxd4 Nxd4 12.Nxd4 Qxd4 13.Nf3 Qb6 14.Qa4 h6 15.Qg4 Kf8
16.Nh4 g5 17.Nf3 h5 18.Qg3 g4 19.Ng5 Qd4 20.h4 Nc5 21.Bb5 f6 22.exf6 Qxf6
23.Bf4 Qxb2 24.Rab1 Qc2 25.Rbc1 Qg6 26.Be5 Rg8 27.Rxc5 Bxc5 28.Bd6+ Bxd6
29.Qxd6+ Kg7 30.Qe7+ Kh8 31.Nf7+ Kh7 32.Ne5+ Qg7 33.Bd3+ Kh8 34.Nf7+  1-0

[Event "27th Open"]
[Site "Cappelle la Grande FRA"]
[Date "2011.02.27"]
[Round "2.22"]
[White "Naroditsky,D"]
[Black "Berczes,D"]
[Result "1/2-1/2"]
[WhiteElo "2419"]
[BlackElo "2535"]

1.e4 e6 2.d4 d5 3.Nd2 Nc6 4.Ngf3 Nf6 5.e5 Nd7 6.Be2 Be7 7.Nf1 O-O 8.Ne3 f6
9.exf6 Nxf6 10.O-O Bd6 11.c4 b6 12.a3 Ne7 13.Qc2 c5 14.dxc5 bxc5 15.cxd5 exd5
16.Rd1 a5 17.Bd3 Kh8 18.b3 d4 19.Nc4 Bg4 20.Bg5 Bc7 21.Ncd2 Qd6 22.Bh4 Ned5
23.Bg3 Qb6 24.Re1 Rab8 25.Ne5 Bh5 26.Nec4 Qc6 27.Ne5 Qb6 28.Nec4 Qc6  1/2-1/2

[Event "TCh-BEL 2010-11"]
[Site "Eupen BEL"]
[Date "2011.02.27"]
[Round "9.4"]
[White "Mladenov,Sv"]
[Black "Meessen,R"]
[Result "1-0"]
[WhiteElo "2436"]
[BlackElo "2320"]

1.e4 e6 2.d4 d5 3.Nd2 Nc6 4.Ngf3 Nf6 5.e5 Nd7 6.Bb5 Be7 7.Nb3 a5 8.a4 Na7
9.Be2 b6 10.Be3 c5 11.O-O O-O 12.c3 Nc6 13.Ne1 Ba6 14.Bxa6 Rxa6 15.Qg4 Kh8
16.f4 f5 17.exf6 Rxf6 18.Nf3 Ra8 19.Ng5 Qg8 20.Rf3 Bd6 21.Re1 h6 22.Rh3 Raf8
23.Qe2 c4 24.Nd2 Bxf4 25.Bxf4 Rxf4 26.Nxe6 Rf2 27.Qe3 R8f6 28.Nf3 Rxb2 29.Rg3 Rxe6
30.Qxe6 Qxe6 31.Rxe6 Nf6 32.Rxc6 Ne4 33.Ne1 Re2 34.Nf3 Rb2 35.Kf1 Nxg3+ 36.hxg3 Rb3
37.g4 Rxc3 38.Rxb6 Rc1+ 39.Kf2 Ra1 40.Rb5 Rxa4 41.Rxd5 Ra2+ 42.Kg3 a4 43.Rc5 Kg8
44.d5 Kf7 45.Rc7+ Ke8 46.Rxc4 a3 47.Rc7 Rb2 48.Rxg7 Rb5 49.Ra7 Rxd5 50.Rxa3 Kf7
51.Ra6 Kg7 52.Kf4 Rc5 53.Nh4 Rc4+ 54.Kg3 Rc3+ 55.Kh2 Rb3 56.Nf5+ Kf7 57.Nxh6+ Kg7
58.Nf5+ Kf7 59.g5  1-0

[Event "Lviv Talents FIDE open"]
[Site "Lviv UKR"]
[Date "2011.02.27"]
[Round "5.8"]
[White "Franchuk,S"]
[Black "Sychevskyy,Andriy"]
[Result "1-0"]
[WhiteElo "2024"]
[BlackElo "1871"]

1.e4 e6 2.d4 d5 3.Nd2 Be7 4.Bd3 c5 5.c3 cxd4 6.cxd4 dxe4 7.Nxe4 Nf6 8.Nf3 O-O
9.O-O Nc6 10.Be3 Nb4 11.Nxf6+ Bxf6 12.Be4 Nd5 13.Rc1 b6 14.Qc2 g6 15.Bh6 Re8
16.Ne5 Bb7 17.f3 Qd6 18.Bxd5 Qxd5 19.Qc3 Rac8 20.Qe3 Red8 21.Rcd1 Rc2 22.h4 Qxa2
23.Ng4 Bh8 24.Qg5 Rxd4 25.Qd8+  1-0

[Event "TCh-SUI 2011"]
[Site "Switzerland SUI"]
[Date "2011.02.27"]
[Round "1.3"]
[White "Netzer,Je"]
[Black "Hug,W"]
[Result "1-0"]
[WhiteElo "2400"]
[BlackElo "2475"]

1.e4 e6 2.d4 d5 3.Nd2 Nc6 4.Ngf3 Nf6 5.e5 Nd7 6.Bd3 f6 7.exf6 Qxf6 8.Nf1 e5
9.Ne3 Nxd4 10.Nxd4 exd4 11.Nxd5 Qe5+ 12.Qe2 Qxe2+ 13.Bxe2 Bd6 14.Bf4 Bxf4
15.Nxf4 Nb6 16.O-O-O c5 17.Nd3 O-O 18.Nxc5 Rxf2 19.Bf3 Bf5 20.Ne4 Bxe4 21.Bxe4 Rd8
22.Bxb7 Nc4 23.Rhe1 Rd6 24.Bf3 d3 25.Rxd3 Rxd3 26.cxd3 Nxb2 27.Re3 Kf7 28.d4 Kf6
29.Rc3 Kf5 30.Kb1 Kf4 31.d5 Ke5 32.Rc2 Rxc2 33.Kxc2 Nc4 34.Kc3 Ne3 35.Kb4 g5
36.Kc5 g4 37.Be2 Nxd5 38.Bxg4  1-0

[Event "27th Open"]
[Site "Cappelle la Grande FRA"]
[Date "2011.02.28"]
[Round "3.89"]
[White "Kojima,S"]
[Black "Louis,C"]
[Result "0-1"]
[WhiteElo "2329"]
[BlackElo "1902"]

1.e4 e6 2.d4 d5 3.Nd2 Nc6 4.Ngf3 Nf6 5.e5 Nd7 6.Bb5 a6 7.Bxc6 bxc6 8.O-O c5
9.Re1 cxd4 10.Nxd4 c5 11.N4b3 a5 12.a4 Qc7 13.c4 d4 14.Nf3 Be7 15.Bf4 Bb7
16.Nbd2 h6 17.Ne4 g5 18.Bg3 O-O-O 19.Qb3 Rdg8 20.Qb5 h5 21.Nd6+ Kb8 22.h4 gxh4
23.Nxb7 Qxb7 24.Bxh4 Bxh4 25.Nxh4 Rg4 26.g3 Nb6 27.Ra3 Rhg8 28.Rb3 Rxh4  0-1

[Event "27th Open"]
[Site "Cappelle la Grande FRA"]
[Date "2011.02.28"]
[Round "3"]
[White "Radulski,J"]
[Black "Vernay,C"]
[Result "0-1"]
[WhiteElo "2590"]
[BlackElo "2446"]

1.e4 e6 2.d4 d5 3.Nd2 Be7 4.Bd3 c5 5.dxc5 Nf6 6.Qe2 O-O 7.Ngf3 a5 8.O-O Na6
9.e5 Nd7 10.Bb5 Nc7 11.Bxd7 Bxd7 12.Nd4 Na6 13.c4 Bxc5 14.N2f3 dxc4 15.Qxc4 Rc8
16.Be3 Nb4 17.Qe2 Nd5 18.Rfd1 Ba4 19.Rdc1 Nxe3 20.Qxe3 Qb6 21.a3 Rcd8 22.Rc4 Bb5
23.Rxc5 Qxc5 24.Rc1 Qd5 25.Qc3 Bd7 26.Qe1 Rc8 27.Rd1 Ba4 28.Rd3 Qa2 29.Rd2 Qc4
30.Ne2 Rfd8 31.Nc3 Bc6 32.Re2 Bxf3 33.gxf3 Rd3 34.Re4 Qb3 35.Qe2 Rcd8 36.Rg4 R8d4
37.Rg3 Qc4 38.Kg2 Rxc3  0-1

[Event "6th Women GP"]
[Site "Doha QAT"]
[Date "2011.03.01"]
[Round "7"]
[White "Xu Yuhua"]
[Black "Mkrtchian,L"]
[Result "0-1"]
[WhiteElo "2484"]
[BlackElo "2475"]

1.e4 e6 2.d4 d5 3.Nd2 Nc6 4.Ngf3 Nf6 5.e5 Nd7 6.Nb3 Be7 7.Bb5 a5 8.a4 Na7
9.Be2 b6 10.h4 c5 11.c3 Nc6 12.Rh3 f6 13.Rg3 O-O 14.Bh6 Rf7 15.exf6 Bxf6
16.Ng5 Re7 17.Bb5 Bb7 18.Qc2 gxh6 19.Nf7+ Kxf7 20.Qxh7+ Ke8 21.Rg8+ Nf8 22.Qxh6 Rf7
23.dxc5 Kd7 24.O-O-O Kc7 25.Qe3 bxc5 26.Nxc5 Qd6 27.f4 Bxh4 28.g3 Be7 29.Ne4 Qd7
30.c4 d4 31.Qe2 Rd8 32.Nf2 Kb8 33.Nd3 Bd6 34.Qe4 Qc7 35.Kb1 Nb4  0-1

[Event "V Tancat IM"]
[Site "Sabadell ESP"]
[Date "2011.03.04"]
[Round "5"]
[White "Tallo Dominguez,I"]
[Black "Banos,O"]
[Result "1/2-1/2"]
[WhiteElo "2204"]
[BlackElo "2232"]

1.e4 e6 2.d4 d5 3.Nd2 Nc6 4.c3 e5 5.exd5 Qxd5 6.Ngf3 exd4 7.Bc4 Qf5 8.O-O Be6
9.Bxe6 fxe6 10.Nxd4 Nxd4 11.cxd4 O-O-O 12.Nf3 Nf6 13.Bg5 Bd6 14.Re1 Rde8
15.Bxf6 gxf6 16.Re2 Rhg8 17.Qb3 Re7 18.Rae1 Rge8 19.Nh4 Qf4 20.g3 Qxd4 21.Rxe6 Bc5
22.Rxe7 Qxf2+ 23.Kh1 Rxe7 24.Qg8+ Kd7 25.Qd5+ Kc8 26.Qg8+ Kd7 27.Qd5+ Bd6
28.Rxe7+ Kxe7 29.Nf5+ Kd7 30.Qb5+ Ke6 31.Nxd6 cxd6 32.Qe8+ Kd5 33.Qg8+ Kd4
34.h4 Qf5 35.Kh2 d5 36.Qb8 Ke3 37.Qxb7 d4 38.Qxa7 h5 39.a4 Qf2+ 40.Kh3 Ke2
41.Qe7+ Kf1 42.Qe4 Kg1 43.Qb1+ Qf1+ 44.Qxf1+ Kxf1 45.a5 d3 46.a6 d2 47.a7 d1=Q
48.a8=Q Qg4+ 49.Kh2 Qe2+ 50.Kh3 Qg4+ 51.Kh2 Qe2+ 52.Kh3 Qg4+  1/2-1/2

[Event "Brunei IM2 2011"]
[Site "Bandar Seri Begawan BRU"]
[Date "2011.03.05"]
[Round "3"]
[White "Yee Soon Wei"]
[Black "Yap,K"]
[Result "0-1"]
[WhiteElo "2285"]
[BlackElo "2393"]

1.e4 e6 2.d4 d5 3.Nd2 Nc6 4.Ngf3 Nf6 5.e5 Nd7 6.Nb3 Be7 7.Bb5 O-O 8.O-O Ncb8
9.Re1 c5 10.dxc5 Nxc5 11.Nxc5 Bxc5 12.Be3 Be7 13.Nd4 Bd7 14.Bd3 Nc6 15.f4 g6
16.c3 Qa5 17.Nb3 Qc7 18.Qg4 Rfc8 19.Bf2 Na5 20.Re3 Nxb3 21.axb3 Bc5 22.Rh3 Bxf2+
23.Kxf2 Qb6+ 24.Kf1 Bb5 25.Rd1 Bxd3+ 26.Rdxd3 Qa6 27.Qh4 h5 28.g4 Qa1+ 29.Ke2 Qxb2+
30.Rd2 Qxb3 31.gxh5 Qc4+ 32.Kf2 g5 33.Qxg5+ Kh7 34.Qf6 Rg8 35.Qxf7+ Rg7 36.Qf6 Qc5+
37.Rd4 Rf8 38.Qxe6 Rxf4+ 39.Ke3 Qxc3+ 40.Rd3 Re4+  0-1

[Event "TCh-CAT Div Hon"]
[Site "Barcelona ESP"]
[Date "2011.03.05"]
[Round "6"]
[White "Obon Temprano,S"]
[Black "Gual Pascual,A"]
[Result "1/2-1/2"]
[WhiteElo "2264"]
[BlackElo "2449"]

1.e4 e6 2.d4 d5 3.Nd2 a6 4.Ngf3 c5 5.c3 Nc6 6.exd5 exd5 7.dxc5 Bxc5 8.Nb3 Bb6
9.Bd3 Nf6 10.O-O O-O 11.Bg5 h6 12.Bh4 Re8 13.Re1 g5 14.Rxe8+ Qxe8 15.Bg3 Ne4
16.Nfd4 Bd7 17.Qh5 Kg7 18.Re1 f5 19.Qxe8 Rxe8 20.f3 Nxg3 21.Rxe8 Bxe8 22.hxg3 Kf6
23.Kf1 Bd7 24.Nxc6 Bxc6 25.Nd4 Bd7 26.f4 Bc7 27.Ne2 h5 28.Kf2 Be8 29.Ke3 Bf7
30.Nd4 Bb6 31.Ke2 Bg6 32.Nf3 gxf4 33.gxf4 Be8 34.g3 Bc7 35.Ke3 a5 36.Nd4 Bd7
37.Be2 Be8  1/2-1/2

[Event "FSGM March"]
[Site "Budapest HUN"]
[Date "2011.03.07"]
[Round "3"]
[White "Narayanan,Sri"]
[Black "Natsidis,C"]
[Result "1-0"]
[WhiteElo "2310"]
[BlackElo "2329"]

1.e4 e6 2.d4 d5 3.Nd2 Be7 4.Ngf3 Nf6 5.e5 Nfd7 6.Bd3 c5 7.c3 Nc6 8.O-O a5
9.a4 cxd4 10.cxd4 Nb4 11.Bb5 O-O 12.Nb1 Nb6 13.Nc3 Bd7 14.b3 Rc8 15.Bd2 Bxb5
16.axb5 Nd7 17.Qe2 b6 18.Rfc1 Rc7 19.g3 h6 20.h4 Qb8 21.Kh2 Rfc8 22.Ne1 Rf8
23.Ng2 Kh7 24.Nf4 Rfc8 25.Qf3 Rf8 26.Na4 Rxc1 27.Rxc1 Rc8 28.Bxb4 Bxb4 29.Rc6 Re8
30.Qd3+ Kg8 31.Qc2 Qd8 32.Rc7 Nc5 33.Rxc5 bxc5 34.dxc5 Qc7 35.c6 Rc8 36.b6  1-0